[Event "Camp. España Equipos R7 (Graf, Vallejo, "]
[Site "Ajedrez21.com"]
[Date "2004.11.24"]
[Round "7"]
[White "Damljanovic, Branko"]
[Black "Narciso, Marc"]
[Result "1-0"]
[WhiteElo "2578"]
[BlackElo "2487"]
[PlyCount "145"]
[EventDate "2004.??.??"]

1. e4 e6 2. d3 d5 3. Nd2 Nf6 4. Ngf3 Nc6 5. c3 a5 6. a4 g6 7. e5 Nd7 8. d4 Bg7
9. Bb5 O-O 10. Nb3 f6 11. exf6 Qxf6 12. Bxc6 bxc6 13. O-O Ba6 14. Re1 Bc4 15.
Nxa5 Rxa5 16. b3 Nb6 17. Ba3 Rfa8 18. Bb4 Bxb3 19. Qxb3 Rxa4 20. Rxa4 Rxa4 21.
Ne5 Qf4 22. g3 Qd2 23. Nf3 Qd3 24. Kg2 Ra8 25. Rxe6 Nc4 26. Ne1 Qf5 27. Re2 Bf8
28. Bxf8 Rxf8 29. Qc2 Qf6 30. Qd3 Nd6 31. Nf3 Ne4 32. Qe3 Ra8 33. Nd2 Nd6 34.
Nb3 Nc4 35. Qe7 Qf7 36. Nc5 Nd6 37. Qe3 Re8 38. Qd3 h5 39. h3 Kg7 40. Rxe8 Qxe8
41. Qf3 Qe7 42. g4 hxg4 43. hxg4 Nb5 44. Kf1 Kh7 45. Qh3+ Kg8 46. Qh6 Qe8 47.
Qh3 Qe7 48. f4 Nd6 49. Qh6 Qf7 50. Nd3 Qh7 51. Qxh7+ Kxh7 52. Nc5 Nb5 53. Na4
Nd6 54. Ke2 Ne4 55. Ke3 Kg7 56. c4 Kf7 57. c5 Nf6 58. Kf3 Ne4 59. Nb2 Nd2+ 60.
Ke2 Nb3 61. Ke3 Na5 62. Nd3 Nc4+ 63. Ke2 Kf6 64. Ne1 Na5 65. Nf3 Nb3 66. Kd3
Nc1+ 67. Ke3 Na2 68. Ne5 Nb4 69. Kd2 g5 70. f5 Kg7 71. Kc3 Na2+ 72. Kb2 Nb4 73.
Kb3 1-0

[Event "Camp. España Equipos R7 (Graf, Vallejo, "]
[Site "Ajedrez21.com"]
[Date "2004.11.24"]
[Round "7"]
[White "Jerez, Alfonso"]
[Black "Glavina, Pablo"]
[Result "1-0"]
[WhiteElo "2434"]
[BlackElo "2458"]
[PlyCount "89"]
[EventDate "2004.??.??"]

1. d4 Nf6 2. c4 e6 3. Nc3 c5 4. Nf3 cxd4 5. Nxd4 Nc6 6. e3 Bb4 7. Qb3 Bc5 8.
Nf3 O-O 9. Be2 d5 10. O-O dxc4 11. Qxc4 Qe7 12. a3 a5 13. e4 Ng4 14. Bf4 f6 15.
Rac1 Ba7 16. Nb5 Bb8 17. Bxb8 Rxb8 18. Rfd1 Bd7 19. Qc5 Qxc5 20. Rxc5 Rfd8 21.
Nfd4 Nge5 22. f4 Nxd4 23. Nxd4 Nc6 24. Kf2 Rbc8 25. Nxc6 Bxc6 26. Rxd8+ Rxd8
27. Ke3 Ra8 28. Bc4 Kf7 29. f5 Ke7 30. Bxe6 Kd6 31. Rc4 a4 32. Kd4 Ra5 33. Bg8
h6 34. Rc2 Re5 35. Re2 Rc5 36. Bc4 b5 37. Bd3 Rc1 38. Re3 Ke7 39. e5 Bxg2 40.
Rg3 fxe5+ 41. Kxe5 Re1+ 42. Kd4 Bf1 43. Rxg7+ Kf6 44. Rg6+ Kf7 45. Rg1 1-0

[Event "Camp. España Equipos R7 (Graf, Vallejo, "]
[Site "Ajedrez21.com"]
[Date "2004.11.24"]
[Round "7"]
[White "Baron, Jesus"]
[Black "Granados, Manuel"]
[Result "1-0"]
[WhiteElo "2432"]
[BlackElo "2425"]
[PlyCount "77"]
[EventDate "2004.??.??"]

1. e4 e5 2. Nf3 Nc6 3. Bc4 Nf6 4. d3 Be7 5. O-O O-O 6. Re1 d6 7. a4 h6 8. a5 a6
9. c3 Nh7 10. Nbd2 Ng5 11. h3 Kh8 12. d4 f5 13. d5 Nb8 14. Nxg5 Bxg5 15. exf5
Bxf5 16. Ne4 Bxc1 17. Rxc1 Qh4 18. Qc2 Nd7 19. Bd3 Rae8 20. c4 Nf6 21. Ng3 Bxd3
22. Qxd3 e4 23. Qd4 Re5 24. Rc3 Kg8 25. Ree3 g5 26. Rb3 Rf7 27. Rxb7 Kh7 28. b4
Kg6 29. b5 g4 30. Nxe4 Rfe7 31. Nxf6 Rxe3 32. Nxg4 Re1+ 33. Kh2 R1e4 34. Qd3
Kg7 35. Rxc7 h5 36. Qxe4 Rxc7 37. Qd4+ Kf8 38. Qh8+ Ke7 39. Qg7+ 1-0

[Event "Camp. España Equipos R7 (Graf, Vallejo, "]
[Site "Ajedrez21.com"]
[Date "2004.11.24"]
[Round "7"]
[White "Sokolov, Ivan"]
[Black "Gurevich, Mikhail"]
[Result "1/2-1/2"]
[WhiteElo "2663"]
[BlackElo "2644"]
[PlyCount "28"]
[EventDate "2004.??.??"]

1. d4 Nf6 2. c4 c6 3. Nc3 d5 4. e3 a6 5. Nf3 b5 6. b3 Bg4 7. Be2 Nbd7 8. h3 Bh5
9. O-O e6 10. Bb2 Bd6 11. Ne5 Bxe2 12. Nxe2 bxc4 13. bxc4 O-O 14. Rb1 Qc7
1/2-1/2

[Event "Camp. España Equipos R7 (Graf, Vallejo, "]
[Site "Ajedrez21.com"]
[Date "2004.11.24"]
[Round "7"]
[White "Chernin, Alexander"]
[Black "Lautier, Joel"]
[Result "1/2-1/2"]
[WhiteElo "2584"]
[BlackElo "2682"]
[PlyCount "29"]
[EventDate "2004.??.??"]

1. d4 Nf6 2. c4 e6 3. Nf3 b6 4. g3 Ba6 5. b3 Bb4+ 6. Bd2 Be7 7. Bg2 c6 8. Bc3
d5 9. Nbd2 Nbd7 10. O-O O-O 11. Re1 c5 12. e4 dxe4 13. Nxe4 Nxe4 14. Rxe4 Bb7
15. Re3 1/2-1/2

[Event "Camp. España Equipos R7 (Graf, Vallejo, "]
[Site "Ajedrez21.com"]
[Date "2004.11.24"]
[Round "7"]
[White "Malakhov, Vladimir"]
[Black "Corral, Juan Antonio"]
[Result "1-0"]
[WhiteElo "2664"]
[BlackElo "2446"]
[PlyCount "135"]
[EventDate "2004.??.??"]

1. c4 c5 2. Nf3 b6 3. Nc3 e6 4. d4 cxd4 5. Nxd4 a6 6. e4 d6 7. Be2 Bb7 8. O-O
Nf6 9. f3 Be7 10. Be3 O-O 11. Rc1 Nbd7 12. Qd2 Re8 13. Rfd1 Qb8 14. Bf1 Bd8 15.
Kh1 Bc7 16. h3 Qd8 17. Qf2 Rc8 18. Nde2 Bb8 19. b3 Qc7 20. Bf4 Ne5 21. Bh2 Ba8
22. Nf4 Ba7 23. Qd2 Red8 24. Nd3 Nxd3 25. Qxd3 Ne8 26. b4 Qe7 27. a3 h5 28. Bg1
Nf6 29. b5 a5 30. Na4 Qc7 31. Qd2 Rb8 32. Qg5 Rd7 33. Bh2 Qd8 34. Rc2 Rc8 35.
Rcd2 e5 36. Bg1 Rb8 37. Be3 Qe7 38. Ra2 Qe6 39. Qh4 g6 40. Qf2 Rdb7 41. Rad2
Ne8 42. Qg3 Rc7 43. Rc2 Qe7 44. Qf2 Rcb7 45. Bd3 Ng7 46. Rcd2 h4 47. Bb1 Ne8
48. f4 Qf6 49. fxe5 dxe5 50. Qxf6 Nxf6 51. Bg5 Kg7 52. Rd6 Nh7 53. Bxh4 Rc8 54.
Rd8 Rbc7 55. Rxc8 Rxc8 56. Rd8 Rxd8 57. Bxd8 Nf6 58. Bxb6 Bxb6 59. Nxb6 Bxe4
60. Bxe4 Nxe4 61. Nd7 Nd6 62. b6 e4 63. c5 e3 64. Ne5 e2 65. Nf3 Nf5 66. b7 Nd4
67. b8=Q Nxf3 68. Qb2+ 1-0

[Event "Camp. España Equipos R7 (Graf, Vallejo, "]
[Site "Ajedrez21.com"]
[Date "2004.11.24"]
[Round "7"]
[White "Garcia Padron, Jose"]
[Black "Tiviakov, Sergei"]
[Result "0-1"]
[WhiteElo "2429"]
[BlackElo "2617"]
[PlyCount "108"]
[EventDate "2004.??.??"]

1. d4 Nf6 2. Nc3 d5 3. Bg5 Bf5 4. Bxf6 exf6 5. e3 Be6 6. Bd3 f5 7. Qf3 g6 8.
Nge2 c6 9. h3 h5 10. O-O-O Nd7 11. Nf4 Nf6 12. Nxe6 fxe6 13. Qg3 Rg8 14. f3 Qd6
15. Qxd6 Bxd6 16. e4 Bf4+ 17. Kb1 h4 18. e5 Nd7 19. Ne2 Bh6 20. c3 Ke7 21. b4
b6 22. Kb2 Rgc8 23. a3 c5 24. Ba6 Rc7 25. Rhg1 cxd4 26. cxd4 Nb8 27. Bd3 Be3
28. Rgf1 Nc6 29. Ba6 f4 30. Kb3 Rh8 31. Kb2 Rh5 32. Rc1 Kd8 33. Rcd1 Rg5 34.
Rg1 Ne7 35. Bd3 Nf5 36. Bb1 Rf7 37. Bxf5 gxf5 38. Kc2 Rfg7 39. Rh1 Rxg2 40. Kd3
Ke8 41. b5 Rf2 42. Rhf1 Rxf1 43. Rxf1 Rg3 44. a4 Rxh3 45. a5 bxa5 46. Ra1 Rxf3
47. Rxa5 Rf1 48. Rxa7 Rd1+ 49. Kc2 Rd2+ 50. Kc3 f3 51. Nf4 Rxd4 52. b6 Rxf4 53.
Ra8+ Kd7 54. b7 Bd4+ 0-1

[Event "Camp. España equipos div. honor (Vallej"]
[Site "Ajedrez21.com"]
[Date "2004.11.25"]
[Round "8"]
[White "Krasenkow, Michal"]
[Black "Gurevich, Mikhail"]
[Result "1-0"]
[WhiteElo "2676"]
[BlackElo "2644"]
[PlyCount "49"]
[EventDate "2004.??.??"]

1. Nf3 d5 2. d4 Nf6 3. c4 c6 4. Nc3 a6 5. c5 Nbd7 6. Bf4 Nh5 7. e3 Nxf4 8. exf4
b6 9. cxb6 Qxb6 10. Bd3 Qxb2 11. Rc1 e6 12. O-O Ba3 13. Qa4 Qb4 14. Qxb4 Bxb4
15. Na4 Bd6 16. f5 Bb7 17. fxe6 fxe6 18. Rfe1 O-O 19. Rxe6 Bf4 20. Rb1 Rab8 21.
g3 Bc7 22. Ng5 h6 23. Re7 hxg5 24. Rxd7 Rf7 25. Bh7+ 1-0

[Event "Camp. España equipos div. honor (Vallej"]
[Site "Ajedrez21.com"]
[Date "2004.11.25"]
[Round "8"]
[White "Chernin, Alexander"]
[Black "Nijboer, Friso"]
[Result "1/2-1/2"]
[WhiteElo "2584"]
[BlackElo "2567"]
[PlyCount "25"]
[EventDate "2004.??.??"]

1. d4 f5 2. Bg5 g6 3. Nd2 Bg7 4. e4 fxe4 5. Nxe4 d5 6. Nc5 b6 7. Nb3 Nh6 8. Nf3
O-O 9. Be2 Nf7 10. Bh4 a6 11. O-O Nc6 12. c3 Bf6 13. Bxf6 1/2-1/2

[Event "Camp. España equipos div. honor (Vallej"]
[Site "Ajedrez21.com"]
[Date "2004.11.25"]
[Round "8"]
[White "Suba, Mihai"]
[Black "Corral, Juan A"]
[Result "1-0"]
[WhiteElo "2516"]
[BlackElo "2446"]
[PlyCount "119"]
[EventDate "2004.??.??"]

1. Nf3 Nf6 2. c4 b6 3. g3 Bb7 4. Bg2 e6 5. O-O Be7 6. Nc3 O-O 7. Re1 d5 8. cxd5
exd5 9. d4 Na6 10. Bg5 Ne4 11. Bxe7 Qxe7 12. Rc1 Rfe8 13. a3 c5 14. dxc5 Nxc3
15. Rxc3 bxc5 16. Rd3 Nc7 17. b4 cxb4 18. axb4 Ba6 19. Rd4 Nb5 20. Rg4 Bc8 21.
Rh4 Nc3 22. Qd3 Ne4 23. Qxd5 Bb7 24. Qa5 Rab8 25. Rh5 f6 26. Qxa7 Qxb4 27. Qa2+
Kh8 28. Rb1 Qd6 29. Nh4 h6 30. Qf7 Qd2 31. Nf5 Rg8 32. Rxh6+ gxh6 33. Bxe4 Bxe4
34. Qxf6+ Kh7 35. Qe7+ Kg6 36. Qxe4 Rxb1+ 37. Qxb1 Kf6 38. e4 Rc8 39. Qb6+ Ke5
40. Qb5+ Ke6 41. Qb6+ Kd7 42. Qb5+ Kc7 43. Kg2 Rd8 44. Qe5+ Kb7 45. Qg7+ Rd7
46. Qxh6 Qb4 47. Qf4 Rd1 48. Ne3 Rc1 49. Qf7+ Kb8 50. Qe8+ Kb7 51. h4 Qd2 52.
Qb5+ Kc8 53. h5 Qd6 54. Qb2 Rc6 55. Nf5 Qc7 56. h6 Re6 57. Qh8+ Qd8 58. Qxd8+
Kxd8 59. h7 Re8 60. Nh6 1-0

[Event "Camp. España equipos div. honor (Vallej"]
[Site "Ajedrez21.com"]
[Date "2004.11.25"]
[Round "8"]
[White "Lezcano, Pedro"]
[Black "Del Rio, Salvador"]
[Result "1/2-1/2"]
[WhiteElo "2391"]
[BlackElo "2491"]
[PlyCount "33"]
[EventDate "2004.??.??"]

1. c4 e6 2. g3 d5 3. Nf3 g6 4. Bg2 Bg7 5. O-O Ne7 6. d4 O-O 7. Qc2 Nbc6 8. Rd1
a5 9. Nc3 b6 10. cxd5 exd5 11. b3 Bf5 12. Qd2 Nb4 13. Bb2 Re8 14. a3 Na6 15.
Rac1 Bc8 16. e3 Bb7 17. Ne2 1/2-1/2

[Event "Camp. España equipos div. honor (Vallej"]
[Site "Ajedrez21.com"]
[Date "2004.11.25"]
[Round "8"]
[White "Illescas, Miguel"]
[Black "Sokolov (UPI), Ivan"]
[Result "1/2-1/2"]
[WhiteElo "2626"]
[BlackElo "2663"]
[PlyCount "55"]
[EventDate "2004.??.??"]

1. d4 d5 2. c4 c6 3. Nf3 Nf6 4. Nc3 dxc4 5. a4 Bf5 6. Ne5 Nbd7 7. Nxc4 Nb6 8.
Ne5 a5 9. g3 e6 10. Bg2 Bb4 11. O-O O-O 12. e3 h6 13. Qe2 Bh7 14. Rd1 Nfd7 15.
Nd3 Bxd3 16. Rxd3 Qe7 17. Rd1 e5 18. d5 cxd5 19. Nxd5 Nxd5 20. Bxd5 Nf6 21. e4
Rad8 22. Be3 Nxd5 23. exd5 f5 24. Rac1 Qf7 25. Bc5 Bxc5 26. Rxc5 b6 27. Rb5 Qf6
28. d6 1/2-1/2

[Event "Camp. España equipos div. honor (Vallej"]
[Site "Ajedrez21.com"]
[Date "2004.11.25"]
[Round "8"]
[White "Glavina, Pablo"]
[Black "Fressinet, Laurent"]
[Result "0-1"]
[WhiteElo "2458"]
[BlackElo "2640"]
[PlyCount "66"]
[EventDate "2004.??.??"]

1. d4 d5 2. c4 e6 3. Nf3 Nf6 4. g3 dxc4 5. Bg2 Nc6 6. Qa4 Bd7 7. Qxc4 Na5 8.
Qd3 c5 9. O-O Bc6 10. Nc3 Be7 11. Rd1 O-O 12. e4 cxd4 13. Nxd4 Qb6 14. Be3 Ng4
15. Nxc6 Qxc6 16. Bd4 Rfd8 17. Qe2 Qc4 18. Qxc4 Nxc4 19. Ne2 e5 20. Rac1 b5 21.
h3 exd4 22. hxg4 d3 23. Nf4 Nxb2 24. Rd2 Ba3 25. Rc6 g5 26. Nd5 Rac8 27. Nf6+
Kg7 28. e5 Rxc6 29. Bxc6 Nc4 30. Nh5+ Kf8 31. Rd1 Nb2 32. Rd2 Nc4 33. Rd1 d2
0-1

[Event "Camp. España equipos div. honor (Vallej"]
[Site "Ajedrez21.com"]
[Date "2004.11.25"]
[Round "8"]
[White "Tiviakov, Sergei"]
[Black "Baron, Jesus"]
[Result "1-0"]
[WhiteElo "2617"]
[BlackElo "2432"]
[PlyCount "81"]
[EventDate "2004.??.??"]

1. e4 e6 2. d4 d5 3. Nd2 c5 4. exd5 Qxd5 5. dxc5 Bxc5 6. Ngf3 Nf6 7. Bd3 b6 8.
Qe2 Bb7 9. O-O Nc6 10. Nb3 Bd6 11. Rd1 O-O-O 12. Ne1 h5 13. c4 Qe5 14. Nf3 Qxe2
15. Bxe2 Rd7 16. h3 Ne4 17. Be3 Rhd8 18. Ng5 Nxg5 19. Bxg5 f6 20. Be3 h4 21. c5
Bxc5 22. Rxd7 Rxd7 23. Nxc5 bxc5 24. Bxc5 Rd2 25. Bc4 Kd7 26. b4 Ne5 27. Be3
Rb2 28. Rd1+ Kc7 29. Bxe6 Rxb4 30. Bxa7 Be4 31. Bc5 Rb2 32. Bd4 Rc2 33. Re1 Bc6
34. Bxe5+ fxe5 35. Rxe5 Rc1+ 36. Kh2 Kd6 37. Re2 Bb5 38. Re4 Rc2 39. Bb3 Rxf2
40. Rxh4 Bc6 41. Rg4 1-0

[Event "Camp. España equipos div. honor (Vallej"]
[Site "Ajedrez21.com"]
[Date "2004.11.25"]
[Round "8"]
[White "Korneev, Oleg"]
[Black "Marin, Mihail"]
[Result "1/2-1/2"]
[WhiteElo "2583"]
[BlackElo "2511"]
[PlyCount "59"]
[EventDate "2004.??.??"]

1. e4 e5 2. Nf3 Nc6 3. Bb5 a6 4. Ba4 Nf6 5. O-O Be7 6. Re1 b5 7. Bb3 d6 8. c3
O-O 9. h3 Na5 10. Bc2 c5 11. d4 Qc7 12. Nbd2 cxd4 13. cxd4 Bb7 14. d5 Rac8 15.
Bd3 Nd7 16. Nf1 f5 17. Ng3 f4 18. Nf5 Rxf5 19. exf5 Nf6 20. Bd2 Bxd5 21. Bxa5
Qxa5 22. Bc2 Qb4 23. Bb3 Bxb3 24. Qxb3+ Qxb3 25. axb3 Ra8 26. Rec1 Nd5 27. Rc6
Nb4 28. Rc7 Bf6 29. Nd2 d5 30. f3 1/2-1/2

[Event "Camp. España equipos div. honor (Vallej"]
[Site "Ajedrez21.com"]
[Date "2004.11.25"]
[Round "8"]
[White "Narciso, Marc"]
[Black "San Segundo, Pablo"]
[Result "1/2-1/2"]
[WhiteElo "2487"]
[BlackElo "2516"]
[PlyCount "102"]
[EventDate "2004.??.??"]

1. c4 e5 2. g3 c6 3. d4 e4 4. Nc3 d5 5. Nh3 Be7 6. Bg2 Nf6 7. cxd5 cxd5 8. Bg5
Ng8 9. Be3 Nc6 10. O-O Nf6 11. f3 exf3 12. exf3 O-O 13. Nf4 Re8 14. Bf2 h5 15.
Re1 Bf5 16. a3 Rc8 17. Bf1 a6 18. Rc1 b5 19. b4 Qd7 20. Qb3 Red8 21. Nd3 Bxd3
22. Bxd3 g6 23. Bb1 Bf8 24. Qd1 Bg7 25. Qd3 Ne8 26. Ba2 Nc7 27. Re2 Ne7 28.
Rec2 Kh7 29. Ne2 Ne6 30. Rxc8 Rxc8 31. Rc3 Rc7 32. Rxc7 Nxc7 33. Nf4 Kg8 34.
Qb3 Qc6 35. Kg2 Qc1 36. Be3 Qa1 37. Qc2 Nf5 38. Bf2 Ne6 39. Bxd5 Nxf4+ 40. gxf4
Bxd4 41. Qc7 Nh6 42. Qd6 Kh7 43. Bxf7 Nxf7 44. Qd5 Bg7 45. Qxf7 Qf6 46. Qb7 Kh6
47. Kg3 h4+ 48. Kg4 Qf5+ 49. Kxh4 Qxf4+ 50. Kh3 Be5 51. Bg3 Qf5+ 1/2-1/2

[Event "Camp. España equipos div. honor (Vallej"]
[Site "Ajedrez21.com"]
[Date "2004.11.25"]
[Round "8"]
[White "Moreno, Javier"]
[Black "Jerez, Alfonso"]
[Result "1-0"]
[WhiteElo "2512"]
[BlackElo "2434"]
[PlyCount "73"]
[EventDate "2004.??.??"]

1. e4 e6 2. d4 d5 3. Nc3 Bb4 4. e5 c5 5. a3 Ba5 6. b4 cxd4 7. Qg4 Ne7 8. bxa5
dxc3 9. Qxg7 Rg8 10. Qxh7 Nbc6 11. Nf3 Qc7 12. Bf4 Bd7 13. a6 O-O-O 14. axb7+
Kb8 15. Qd3 d4 16. Bg3 Nf5 17. Qc4 Nce7 18. Rb1 Bc6 19. Bd3 Bxb7 20. Qxc7+ Kxc7
21. Ke2 Bd5 22. Rhd1 Nxg3+ 23. hxg3 Nc6 24. Ba6 Bxf3+ 25. gxf3 Nxe5 26. g4 Nc6
27. Rb7+ Kd6 28. Rxf7 Kc5 29. Bd3 Rgf8 30. Rh7 Rh8 31. Rdh1 Rxh7 32. Rxh7 Kb6
33. Rh6 Re8 34. Be4 Nd8 35. Kd3 Nf7 36. Rf6 Nd6 37. Kxd4 1-0

[Event "Camp. España equipos div. honor (Vallej"]
[Site "Ajedrez21.com"]
[Date "2004.11.25"]
[Round "8"]
[White "Granados, Manuel"]
[Black "Fernandez, Jose Luis"]
[Result "1/2-1/2"]
[WhiteElo "2425"]
[BlackElo "2479"]
[PlyCount "61"]
[EventDate "2004.??.??"]

1. d4 Nf6 2. c3 g6 3. Bg5 Bg7 4. Nd2 d5 5. e3 O-O 6. Ngf3 Nbd7 7. Bd3 c5 8. O-O
Qb6 9. Rb1 e5 10. Nxe5 Nxe5 11. dxe5 Ng4 12. Nf3 Nxe5 13. Nxe5 Bxe5 14. f4 Bf6
15. Bxf6 Qxf6 16. e4 c4 17. Bc2 dxe4 18. Bxe4 Re8 19. Qc2 Bd7 20. Rbe1 Bc6 21.
Bxc6 Qxc6 22. Qf2 Rxe1 23. Rxe1 Re8 24. Rxe8+ Qxe8 25. h3 b6 26. f5 Qe5 27.
fxg6 hxg6 28. Qd2 Qc5+ 29. Kh2 Qe5+ 30. Kg1 Qc5+ 31. Kh2 1/2-1/2

[Event "Camp. España equipos div. honor (Vallej"]
[Site "Ajedrez21.com"]
[Date "2004.11.25"]
[Round "8"]
[White "Moiseenko, Alexander"]
[Black "Giorgadze, Giorgi"]
[Result "1-0"]
[WhiteElo "2653"]
[BlackElo "2612"]
[PlyCount "63"]
[EventDate "2004.??.??"]

1. d4 d5 2. c4 e6 3. Nc3 Bb4 4. Nf3 Nf6 5. cxd5 exd5 6. Bg5 h6 7. Bh4 g5 8. Bg3
Ne4 9. Nd2 Nxc3 10. bxc3 Bxc3 11. Rc1 Bb2 12. Bxc7 Qd7 13. Rb1 Bc3 14. Be5 O-O
15. Rb3 Ba5 16. h4 Nc6 17. hxg5 Nxe5 18. dxe5 Qc7 19. e3 Qxe5 20. f4 Qc7 21.
Rxh6 Re8 22. Kf2 d4 23. Kg1 Bf5 24. Qh5 Kg7 25. e4 Rxe4 26. Nxe4 Bxe4 27. Rh3
d3 28. Rh7+ Kf8 29. g6 Bb6+ 30. Kh1 Bxg6 31. Qxg6 Qxf4 32. Qg7+ 1-0

[Event "Camp. España equipos div. honor (Vallej"]
[Site "Ajedrez21.com"]
[Date "2004.11.25"]
[Round "8"]
[White "Franco, Zenon"]
[Black "Gustafsson, Jan"]
[Result "1/2-1/2"]
[WhiteElo "2526"]
[BlackElo "2603"]
[PlyCount "42"]
[EventDate "2004.??.??"]

1. d4 Nf6 2. Nf3 d5 3. c4 e6 4. e3 a6 5. a3 dxc4 6. Bxc4 c5 7. dxc5 Qxd1+ 8.
Kxd1 Bxc5 9. Ke2 Nbd7 10. Nbd2 b5 11. Bd3 Bb7 12. b4 Bd6 13. Bb2 Ke7 14. Rac1
Rac8 15. Rxc8 Rxc8 16. Rc1 Rxc1 17. Bxc1 Ne5 18. Nxe5 Bxe5 19. e4 Bf4 20. Bb2
g5 21. g3 Bc7 1/2-1/2

[Event "Camp. España equipos div. honor (Vallej"]
[Site "Ajedrez21.com"]
[Date "2004.11.25"]
[Round "8"]
[White "Arizmendi, Julen"]
[Black "Reinaldo, Roi"]
[Result "1/2-1/2"]
[WhiteElo "2531"]
[BlackElo "2446"]
[PlyCount "68"]
[EventDate "2004.??.??"]

1. e4 e6 2. d4 d5 3. Nd2 Nf6 4. e5 Nfd7 5. c3 c5 6. Bd3 Nc6 7. Ne2 cxd4 8. cxd4
f6 9. exf6 Nxf6 10. O-O Bd6 11. Nf3 Qc7 12. Bg5 O-O 13. Bh4 Nh5 14. Qc2 h6 15.
Bg6 Rxf3 16. gxf3 Bxh2+ 17. Kh1 Nf4 18. Ng3 Qb6 19. Rad1 Nxd4 20. Qa4 Nxg6 21.
Qe8+ Nf8 22. Nh5 Be5 23. Be7 Nf5 24. Qxf8+ Kh7 25. Nf6+ Bxf6 26. Bxf6 Qd6 27.
Bxg7 Qxf8 28. Bxf8 Bd7 29. Bc5 Bc6 30. Rfe1 Re8 31. Bxa7 d4 32. Rxd4 Nxd4 33.
Bxd4 Bxf3+ 34. Kh2 Bd5 1/2-1/2

[Event "Camp. España equipos div. honor (Vallej"]
[Site "Ajedrez21.com"]
[Date "2004.11.25"]
[Round "8"]
[White "Lopez, Josep"]
[Black "Perez Candelario, Manuel"]
[Result "1/2-1/2"]
[WhiteElo "2481"]
[BlackElo "2474"]
[PlyCount "69"]
[EventDate "2004.??.??"]

1. e4 e5 2. Nf3 Nc6 3. Bb5 a6 4. Ba4 Nf6 5. O-O Be7 6. Re1 b5 7. Bb3 d6 8. c3
O-O 9. h3 Bb7 10. d4 Re8 11. Ng5 Rf8 12. Nf3 Re8 13. Nbd2 Bf8 14. d5 Nb8 15.
Nf1 Nbd7 16. Ng3 Nc5 17. Bc2 c6 18. b4 Ncd7 19. dxc6 Bxc6 20. Bb3 h6 21. Nh2 a5
22. Ng4 a4 23. Bc2 Qc7 24. Nf5 Re6 25. Qf3 Nh7 26. Qd3 Qb7 27. Qg3 Kh8 28. Qh4
Rc8 29. Bd2 Ndf6 30. Nxf6 Rxf6 31. Rad1 Rg6 32. Qh5 Re6 33. Qh4 Rg6 34. Qh5 Re6
35. Qh4 1/2-1/2

[Event "Camp. España equipos div. honor (Vallej"]
[Site "Ajedrez21.com"]
[Date "2004.11.25"]
[Round "8"]
[White "Khamrakulov, Ibragim"]
[Black "Lacasa, Jose A"]
[Result "1/2-1/2"]
[WhiteElo "2500"]
[BlackElo "2431"]
[PlyCount "50"]
[EventDate "2004.??.??"]

1. e4 c5 2. c3 g6 3. Nf3 Bg7 4. Bc4 d6 5. O-O Nf6 6. e5 dxe5 7. Nxe5 O-O 8. Qb3
e6 9. Re1 Nbd7 10. Nf3 Nb6 11. Bf1 Bd7 12. a4 Qc7 13. d3 Nh5 14. Nbd2 Bc6 15.
a5 Nd7 16. d4 b6 17. Bb5 Bxb5 18. Qxb5 a6 19. Qf1 b5 20. Ne4 c4 21. g3 h6 22.
g4 Nf4 23. Bxf4 Qxf4 24. Qg2 Rab8 25. Qg3 Qxg3+ 1/2-1/2

[Event "Camp. España equipos div. honor (Vallej"]
[Site "Ajedrez21.com"]
[Date "2004.11.25"]
[Round "8"]
[White "Rahal, Michael"]
[Black "Carrasco (MAG), Juan"]
[Result "1/2-1/2"]
[WhiteElo "2416"]
[BlackElo "2408"]
[PlyCount "54"]
[EventDate "2004.??.??"]

1. e4 c6 2. d4 d5 3. Nc3 dxe4 4. Nxe4 Bf5 5. Ng3 Bg6 6. h4 h6 7. Nf3 Nd7 8. h5
Bh7 9. Bd3 Bxd3 10. Qxd3 e6 11. Bf4 Qa5+ 12. Bd2 Qc7 13. O-O-O O-O-O 14. Ne4
Ngf6 15. g3 Nxe4 16. Qxe4 Bd6 17. c4 c5 18. d5 Nf6 19. Qc2 exd5 20. cxd5 Rhe8
21. Bc3 Qd7 22. Bxf6 gxf6 23. Nh4 Re5 24. f4 Rxh5 25. Qe2 Rxd5 26. Rxd5 Bxf4+
27. gxf4 Qxd5 1/2-1/2

[Event "Camp. España equipos Div. Honor. Ultima "]
[Site "Ajedrez21.com"]
[Date "2004.11.26"]
[Round "9"]
[White "Bologan, Viktor"]
[Black "Suba, Mihai"]
[Result "1-0"]
[WhiteElo "2669"]
[BlackElo "2516"]
[PlyCount "101"]
[EventDate "2004.??.??"]

1. e4 c5 2. Nf3 d6 3. Bb5+ Nd7 4. d4 Ngf6 5. O-O cxd4 6. Qxd4 g6 7. e5 dxe5 8.
Nxe5 Bg7 9. Rd1 O-O 10. Nxd7 Nxd7 11. Qa4 Nc5 12. Rxd8 Rxd8 13. Qf4 Rd1+ 14.
Bf1 Ne6 15. Qe3 Bd4 16. Qd2 Rxd2 17. Nxd2 Bd7 18. c3 Bg7 19. Nb3 Ba4 20. Bc4
Rd8 21. Be3 b6 22. Bxe6 fxe6 23. f3 Rd5 24. Nd2 Bc2 25. Rc1 Bd3 26. Kf2 Ra5 27.
a3 Kf7 28. Ne4 h6 29. Rd1 Rd5 30. Rd2 Bc4 31. Bd4 e5 32. Be3 Ke6 33. Rxd5 Kxd5
34. Nd2 Bd3 35. b3 Kc6 36. c4 a5 37. Ke1 e4 38. Nxe4 a4 39. Kd2 Bxe4 40. fxe4
axb3 41. a4 g5 42. h3 Be5 43. Kd3 e6 44. h4 gxh4 45. Bxh6 b2 46. Kc2 Kc5 47.
Bg5 Kc6 48. Bh6 Kc5 49. Bg5 Kc6 50. Bh6 Kc5 51. Bg5 1-0

[Event "Camp. España equipos Div. Honor. Ultima "]
[Site "Ajedrez21.com"]
[Date "2004.11.26"]
[Round "9"]
[White "Romero, Alfonso"]
[Black "Lopez (UGA), Josep"]
[Result "0-1"]
[WhiteElo "2514"]
[BlackElo "2481"]
[PlyCount "88"]
[EventDate "2004.??.??"]

1. d4 d5 2. Bg5 c6 3. e3 Qb6 4. Qc1 Bf5 5. Nf3 h6 6. Bh4 e6 7. c4 Nd7 8. c5
Qa5+ 9. Qc3 Qxc3+ 10. Nxc3 a5 11. Bg3 Ngf6 12. Be2 Be7 13. h3 O-O 14. O-O b6
15. cxb6 Nxb6 16. Ne5 Rfc8 17. Bd3 Bxd3 18. Nxd3 Nfd7 19. e4 Bf6 20. e5 Be7 21.
f4 a4 22. Bf2 c5 23. dxc5 Nxc5 24. Nxc5 Bxc5 25. Rfc1 Bxf2+ 26. Kxf2 Rc4 27. g3
Rb4 28. Rab1 Nc4 29. b3 Na3 30. Ra1 axb3 31. axb3 Rxb3 32. Nb1 g5 33. Rc3 Rxb1
34. Raxa3 Rxa3 35. Rxa3 Kg7 36. Ra7 Kg6 37. Rd7 Rb2+ 38. Kf3 Rb3+ 39. Kf2 gxf4
40. gxf4 Rxh3 41. Kg2 Ra3 42. Kf2 h5 43. Kg2 h4 44. Rxd5 exd5 0-1

[Event "Camp. España equipos Div. Honor. Ultima "]
[Site "Ajedrez21.com"]
[Date "2004.11.26"]
[Round "9"]
[White "Lacasa, Jose A"]
[Black "Comas, Lluis"]
[Result "1/2-1/2"]
[WhiteElo "2431"]
[BlackElo "2509"]
[PlyCount "54"]
[EventDate "2004.??.??"]

1. e4 e5 2. Nf3 Nc6 3. Bb5 f5 4. Bxc6 bxc6 5. O-O fxe4 6. Nxe5 Qh4 7. d3 Bd6 8.
f4 Nf6 9. Qe1 Qxe1 10. Rxe1 O-O 11. dxe4 Bxe5 12. fxe5 Ng4 13. Nd2 Nxe5 14. b3
Ba6 15. Bb2 Rae8 16. Rad1 c5 17. Nf3 Nxf3+ 18. gxf3 Bb5 19. Re3 Bc6 20. c4 g5
21. Rd2 Rf4 22. Rg2 g4 23. h3 h5 24. hxg4 hxg4 25. Rxg4+ Rxg4+ 26. fxg4 Rxe4
27. Rxe4 Bxe4 1/2-1/2

[Event "Camp. España equipos Div. Honor. Ultima "]
[Site "Ajedrez21.com"]
[Date "2004.11.26"]
[Round "9"]
[White "del Rio, Salvador"]
[Black "Rahal, Michael"]
[Result "1/2-1/2"]
[WhiteElo "2491"]
[BlackElo "2416"]
[PlyCount "67"]
[EventDate "2004.??.??"]

1. d4 e6 2. c4 Bb4+ 3. Bd2 Bxd2+ 4. Qxd2 d5 5. Nc3 Nf6 6. Nf3 O-O 7. e3 Qe7 8.
Rc1 Rd8 9. Qc2 dxc4 10. Bxc4 c5 11. O-O cxd4 12. Nxd4 e5 13. Nf5 Bxf5 14. Qxf5
Nc6 15. Rfd1 g6 16. Qf3 Rxd1+ 17. Rxd1 Rd8 18. Rxd8+ Qxd8 19. Nd5 Kg7 20. a3
Nxd5 21. Qxd5 Qxd5 22. Bxd5 Nd8 23. g4 f6 24. Kg2 b6 25. Kf3 Nf7 26. h4 Nd6 27.
g5 h6 28. gxh6+ Kxh6 29. Kg4 f5+ 30. Kg3 Kh5 31. Bf3+ Kh6 32. Bd5 Kh5 33. Bf3+
Kh6 34. Bd5 1/2-1/2